Analýza spotrebných výdavkov domácností na Slovensku a ich komparácia s vyspelými krajinami EÚ diplomová práca

Salvato in:
Dettagli Bibliografici
Autore principale: Gálová, Lucia
Ente Autore: Národohospodárska fakulta EU. Katedra hospodárskej politiky
Altri autori: Chandoga, Roman
Natura: Libro
Lingua:slovacco
Pubblicazione: Bratislava 2016
Tags: Aggiungi Tag
Nessun Tag, puoi essere il primo ad aggiungerne!!

MARC

LEADER 00000nbm a2200000 4500
001 0217991
005 20170201142746.0
041 0 |a slo 
044 |a SK 
245 1 0 |a Analýza spotrebných výdavkov domácností na Slovensku a ich komparácia s vyspelými krajinami EÚ  |b diplomová práca  |c Lucia Gálová ; školiteľ: Roman Chandoga 
264 1 |a Bratislava  |c 2016 
300 |a 76 s. 
100 1 |a Gálová, Lucia 
700 1 |a Chandoga, Roman 
710 2 |a Národohospodárska fakulta EU. Katedra hospodárskej politiky